Mécanique des fluides appliquée

Kaydedildi:
Detaylı Bibliyografya
Asıl Yazarlar: Ouziaux, Roger (auteur), Perrier, J (Yazar)
Materyal Türü: Kitap
Dil:Fransızca
Baskı/Yayın Bilgisi: París Dunod 1966
Edisyon:2a. ed
Seri Bilgileri:Bibliothèque de l'Enseignement Technique
Konular:
Etiketler: Etiketle
Etiket eklenmemiş, İlk siz ekleyin!

MARC

LEADER 00000nam a2200000 a 4500
001 UCP2924
003 CL-VaPUC
008 990604e19660000FR |||||||||||||||||fre|d
082 0 4 |a 620.106  |b OUZ  |2 21 
100 |a Ouziaux, Roger  |e auteur  |9 429932 
700 0 |a Perrier, J  |e author  |9 429933 
245 1 0 |a Mécanique des fluides appliquée 
250 |a 2a. ed 
300 |a 2 v 
942 |c BK 
945 |d 19990604 00:00:00  |a cmena 
260 |a París  |b Dunod  |c 1966 
500 |a v.1: Fluides incompressibles 
500 |a v.2: Fluides compressibles, aérodynamique, mesures 
650 0 |a Mecánica de fluidos   |9 259464 
650 0 |a Hidrostática  |9 260944 
650 0 |a Hidráulica   |9 260193 
650 0 |a Termodinámica   |9 259320 
650 0 |a Ingeniería mecánica   |9 262089 
583 |a last modification  |c 19990604 00:00:00  |k Rodrigo Vera 
490 0 |a Bibliothèque de l'Enseignement Technique 
999 |c 281388  |d 281386